| 000 | 00406nam a2200157Ia 4500 | ||
|---|---|---|---|
| 008 | 230516s9999 xx 000 0 und d | ||
| 041 | _aeng | ||
| 082 |
_a615.19 _bBEC/STE |
||
| 100 | _aBECKETT,STENLAKE | ||
| 245 | _aPRACTICAL PHARMACEUTICAL CHEMISTRY PART-I | ||
| 260 |
_bC.B.S. PUBLISHERS & DISTRUTORS _c2000 |
||
| 300 | _a326 | ||
| 500 | _aPB | ||
| 520 | _aPC | ||
| 650 | _aPHARMACEUTICAL CHEMISTRY | ||
| 999 |
_c363537 _d363537 |
||